| 000 | 00589nam a2200169 4500 | ||
|---|---|---|---|
| 008 | 0 1985 0a 000 0MEX | ||
| 020 | _a968-451-733-5 | ||
| 050 | _aHF5548.2 O68918 | ||
| 082 | _a001.6 O769t | ||
| 100 | _aOrilla, Lawrence S. | ||
| 245 | _aTeoría y problemas de computación aplicada a los negocios / Lawrence S. Orilla | ||
| 260 | _aMéxico : McGraw-Hill | ||
| 300 | _a316 p. / 27 cm. | ||
| 500 | _aIncluye índice | ||
| 650 | _a1.NEGOCIOS-PROCESAMIENTO DE DATOS-SINOPSIS \ 2.NEGOCIOS-PROCESAMIENTO DE DATOS-PROBLEMAS | ||
| 700 | _aTorfer Martell, Alberto, Tr. | ||
| 999 |
_c11785 _d11785 |
||